[Event "Norderstedt op"]
[Site "Norderstedt"]
[Date "2013.03.31"]
[Round "6"]
[White "Raider, Eugen"]
[Black "Rasmussen, Uffe"]
[Result "0-1"]
[WhiteElo "1895"]
[BlackElo "2114"]
[PlyCount "58"]
[EventDate "2013.03.28"]
[EventType "swiss"]
[EventRounds "9"]
[EventCountry "GER"]
[SourceTitle "EXT 2015"]
[Source "ChessBase"]
[SourceDate "2014.11.20"]
[SourceVersion "1"]
[SourceVersionDate "2014.11.20"]
[SourceQuality "1"]

1. Nc3 d5 2. e4 e6 3. d4 Nf6 4. Bg5 Bb4 5. e5 h6 6. Bd2 Bxc3 7. bxc3 Ne4 8. Qg4 Kf8 9. h4 c5 10. Bd3 Nxd2 11. Kxd2 Nc6 12. Rh3 c4 13. Be2 b5 14. a3 Bd7 15. Rf3 Ne7 16. Qf4 Be8 17. Rh3 a5 18. h5 Nc6 19. Nf3 b4 20. Nh4 bxc3+ 21. Ke3 Ke7 22. Rg3 Rg8 23. Rb1 Rb8 24. Rxb8 Qxb8 25. Rxg7 Rxg7 26. Qxh6 Rg8 27. Qh7 Qb6 28. Nf3 Rg4 29. h6 Re4+ 0-1

[Event "Norderstedt op"]
[Site "Norderstedt"]
[Date "2013.03.31"]
[Round "7"]
[White "Rasmussen, Uffe"]
[Black "Poghosyan, Tigran"]
[Result "1-0"]
[WhiteElo "2114"]
[BlackElo "1953"]
[PlyCount "57"]
[EventDate "2013.03.28"]
[EventType "swiss"]
[EventRounds "9"]
[EventCountry "GER"]
[SourceTitle "EXT 2015"]
[Source "ChessBase"]
[SourceDate "2014.11.20"]
[SourceVersion "1"]
[SourceVersionDate "2014.11.20"]
[SourceQuality "1"]

1. e4 c5 2. Nc3 d6 3. f4 g6 4. Nf3 Bg7 5. Bc4 e6 6. d4 cxd4 7. Nxd4 a6 8. Be3 Ne7 9. Qf3 Nbc6 10. 0-0-0 0-0 11. g4 Na5 12. Bb3 Nxb3+ 13. axb3 f5 14. gxf5 exf5 15. e5 d5 16. h4 Qa5 17. Kb1 h5 18. Rhg1 Bd7 19. b4 Qxb4 20. Nxd5 Qc5 21. Nxf5 Qxc2+ 22. Kxc2 Bxf5+ 23. Kd2 Rad8 24. Ke1 Nxd5 25. Rxd5 Bg4 26. Rxg4 hxg4 27. Qxg4 Rxd5 28. Qe6+ Rf7 29. Qxd5 1-0

[Event "Norderstedt op"]
[Site "Norderstedt"]
[Date "2013.03.30"]
[Round "5"]
[White "Rasmussen, Uffe"]
[Black "Adiyaman, Rene"]
[Result "1/2-1/2"]
[WhiteElo "2114"]
[BlackElo "1823"]
[PlyCount "61"]
[EventDate "2013.03.28"]
[EventType "swiss"]
[EventRounds "9"]
[EventCountry "GER"]
[SourceTitle "EXT 2015"]
[Source "ChessBase"]
[SourceDate "2014.11.20"]
[SourceVersion "1"]
[SourceVersionDate "2014.11.20"]
[SourceQuality "1"]

1. e4 e5 2. Bc4 Nf6 3. Nc3 Bc5 4. d3 d6 5. f4 Bg4 6. Nf3 Nc6 7. Na4 Bb6 8. Nxb6 axb6 9. c3 0-0 10. 0-0 d5 11. exd5 Nxd5 12. h3 Bxf3 13. Qxf3 Nxf4 14. Bxf4 exf4 15. Qxf4 Qd7 16. d4 Rae8 17. Rf3 Re7 18. Raf1 h6 19. b4 Na7 20. g4 Nb5 21. Rg3 Nd6 22. Bd3 f6 23. c4 Rfe8 24. Bg6 Nf7 25. Bf5 Qa4 26. a3 Re1 27. Qd2 Rxf1+ 28. Kxf1 Qc6 29. d5 Qd6 30. Rc3 Ng5 31. Kg2 1/2-1/2

[Event "Copenhagen Bronshoj Weekend-A"]
[Site "Copenhagen"]
[Date "2012.10.14"]
[Round "5"]
[White "Rasmussen, Uffe"]
[Black "Kirknel, Thomas"]
[Result "1-0"]
[WhiteElo "2114"]
[BlackElo "2199"]
[PlyCount "77"]
[EventDate "2012.10.12"]
[EventType "tourn"]
[EventRounds "5"]
[EventCountry "DEN"]
[SourceTitle "EXT 2016"]
[Source "ChessBase"]
[SourceDate "2015.10.08"]
[SourceVersion "1"]
[SourceVersionDate "2015.10.08"]
[SourceQuality "1"]

1. e4 c5 2. Nc3 Nc6 3. f4 g6 4. Nf3 Bg7 5. Bc4 e6 6. f5 Nge7 7. fxe6 dxe6 8. 0-0 0-0 9. d3 Na5 10. Qe1 Nec6 11. Bg5 f6 12. Be3 Nd4 13. Qf2 Nxc4 14. dxc4 Nxf3+ 15. Qxf3 Qe7 16. Qg3 b6 17. e5 Ba6 18. b3 fxe5 19. Ne4 Rf5 20. Bg5 Qf8 21. Rad1 Bb7 22. Qh4 Bxe4 23. Qxe4 Re8 24. Qb7 h6 25. g4 Rf7 26. Rxf7 Qxf7 27. Rd7 Qf8 28. Be7 Qf4 29. Bxc5 Bh8 30. Ba3 Qxg4+ 31. Qg2 Qf5 32. c5 Rc8 33. c6 e4 34. c7 Bf6 35. Bb2 e3 36. Bxf6 Qxf6 37. Qf1 Qxf1+ 38. Kxf1 Kf8 39. Rd8+ 1-0

[Event "Copenhagen Bronshoj Weekend-A"]
[Site "Copenhagen"]
[Date "2012.10.13"]
[Round "2"]
[White "Brorsen, Jacob Abildlund"]
[Black "Rasmussen, Uffe"]
[Result "1-0"]
[WhiteElo "2129"]
[BlackElo "2114"]
[PlyCount "101"]
[EventDate "2012.10.12"]
[EventType "tourn"]
[EventRounds "5"]
[EventCountry "DEN"]
[SourceTitle "EXT 2016"]
[Source "ChessBase"]
[SourceDate "2015.10.08"]
[SourceVersion "1"]
[SourceVersionDate "2015.10.08"]
[SourceQuality "1"]

1. Nf3 Nf6 2. c4 g6 3. g3 Bg7 4. Bg2 0-0 5. 0-0 d6 6. d4 Nbd7 7. Nc3 e5 8. e4 exd4 9. Nxd4 Re8 10. h3 a6 11. Re1 Rb8 12. Kh2 Ne5 13. Bf1 c5 14. Nc2 Nc6 15. Bg2 b5 16. Bf4 Nd4 17. cxb5 Nxc2 18. Qxc2 Nh5 19. Be3 axb5 20. Rad1 b4 21. Nd5 Bb7 22. f4 Nf6 23. e5 dxe5 24. Nxf6+ Qxf6 25. fxe5 Qxe5 26. Bf4 Qxb2 27. Qxb2 Bxb2 28. Rxe8+ Rxe8 29. Bxb7 Re2+ 30. Kh1 Bc3 31. Bh6 Re1+ 32. Rxe1 Bxe1 33. Kg2 c4 34. Bd5 b3 35. Bxc4 bxa2 36. Bxa2 Bc3 37. Kf3 Bb2 38. Bc4 Bc3 39. Ke4 Bb2 40. Kd5 Bc3 41. Kd6 Bg7 42. Bf4 Bf8+ 43. Kd7 Kg7 44. Be5+ f6 45. Bd4 g5 46. Ke6 Kg6 47. Bxf6 Bc5 48. Bd3+ Kh6 49. Kf5 Be3 50. Be7 Bd2 51. Bf8+ 1-0

[Event "Copenhagen Bronshoj Weekend-A"]
[Site "Copenhagen"]
[Date "2012.10.12"]
[Round "1"]
[White "Rasmussen, Uffe"]
[Black "Andersen, Ole Bo"]
[Result "1-0"]
[WhiteElo "2114"]
[BlackElo "2083"]
[PlyCount "91"]
[EventDate "2012.10.12"]
[EventType "tourn"]
[EventRounds "5"]
[EventCountry "DEN"]
[SourceTitle "EXT 2016"]
[Source "ChessBase"]
[SourceDate "2015.10.08"]
[SourceVersion "1"]
[SourceVersionDate "2015.10.08"]
[SourceQuality "1"]

1. e4 Nf6 2. e5 Nd5 3. d4 d6 4. Nf3 Bg4 5. Be2 c6 6. 0-0 Bxf3 7. Bxf3 dxe5 8. dxe5 e6 9. Nd2 Nd7 10. Qe2 Qc7 11. Re1 Nf4 12. Qe4 Ng6 13. Nc4 Nb6 14. Nxb6 Qxb6 15. Be3 Bc5 16. Bxc5 Qxc5 17. h4 Rd8 18. Rad1 Rxd1 19. Bxd1 0-0 20. h5 Ne7 21. h6 Rd8 22. Qh4 Rd4 23. Qg5 Ng6 24. hxg7 Nxe5 25. Qf6 Ng6 26. g3 Rd5 27. Bg4 e5 28. Bf5 Qe7 29. Qxe7 Nxe7 30. Be4 Rd2 31. Bd3 f6 32. Kf1 Nd5 33. Rb1 e4 34. Bxe4 Rd4 35. Re1 Rd2 36. Bd3 Nb4 37. Re7 Nxd3 38. cxd3 Rxb2 39. a4 a5 40. Kg2 Rb4 41. f4 b5 42. axb5 cxb5 43. Kf3 f5 44. g4 a4 45. gxf5 a3 46. f6 1-0

[Event "Valby K41 Autumn-A"]
[Site "Valby"]
[Date "2010.10.26"]
[Round "7"]
[White "Nielsen, Michael"]
[Black "Rasmussen, Uffe"]
[Result "0-1"]
[WhiteElo "2060"]
[BlackElo "2026"]
[PlyCount "50"]
[EventDate "2010.09.07"]
[EventType "tourn"]
[EventRounds "7"]
[EventCountry "DEN"]
[SourceTitle "EXT 2023"]
[Source "ChessBase"]
[SourceDate "2022.10.05"]
[SourceVersion "1"]
[SourceVersionDate "2022.10.05"]
[SourceQuality "1"]

1. d4 e6 2. Nf3 f5 3. g3 Nf6 4. Bg2 Be7 5. 0-0 0-0 6. c4 d6 7. Nc3 Qe8 8. e3 Nbd7 9. b3 e5 10. dxe5 dxe5 11. Nb5 Bd8 12. Ba3 e4 13. Nfd4 Rf7 14. Nxf5 a6 15. Nc3 Ne5 16. Nd4 Bg4 17. Qc2 Nf3+ 18. Kh1 Qe5 19. Nce2 c5 20. h3 cxd4 21. exd4 Qh5 22. Nf4 Qh6 23. h4 Nxh4 24. gxh4 Qxf4 25. Bc1 Qd6 0-1

[Event "Valby K41 Autumn-A"]
[Site "Valby"]
[Date "2010.10.12"]
[Round "6"]
[White "Rasmussen, Uffe"]
[Black "Nielsen, John Holm"]
[Result "1-0"]
[WhiteElo "2026"]
[BlackElo "1975"]
[PlyCount "45"]
[EventDate "2010.09.07"]
[EventType "tourn"]
[EventRounds "7"]
[EventCountry "DEN"]
[SourceTitle "EXT 2023"]
[Source "ChessBase"]
[SourceDate "2022.10.05"]
[SourceVersion "1"]
[SourceVersionDate "2022.10.05"]
[SourceQuality "1"]

1. e4 e5 2. Bc4 Nf6 3. Nc3 Nc6 4. d3 d6 5. f4 Bg4 6. Nf3 Nd4 7. 0-0 Qd7 8. Be3 Nxf3+ 9. gxf3 Bh3 10. Rf2 exf4 11. Bxf4 0-0-0 12. Be3 a6 13. b4 Be6 14. b5 Bxc4 15. dxc4 axb5 16. cxb5 d5 17. Qd4 b6 18. Qa4 Kb8 19. e5 Qe6 20. Ne2 Qxe5 21. Nd4 Kc8 22. Qa8+ Kd7 23. Qxd8+ 1-0

[Event "Warsaw Najdorf Memorial op-A 07th"]
[Site "Warsaw"]
[Date "2009.07.25"]
[Round "8"]
[White "Rasmussen, Uffe"]
[Black "Sosnowska, Elzbieta"]
[Result "1/2-1/2"]
[WhiteElo "2148"]
[BlackElo "2015"]
[PlyCount "39"]
[EventDate "2009.07.18"]
[EventType "swiss"]
[EventRounds "9"]
[EventCountry "POL"]
[SourceTitle "CBM 131 Extra"]
[Source "ChessBase"]
[SourceDate "2009.09.03"]
[SourceVersion "2"]
[SourceVersionDate "2009.09.16"]
[SourceQuality "1"]

1. e4 e5 2. Nf3 Nf6 3. Nxe5 d6 4. Nf3 Nxe4 5. Nc3 Nxc3 6. dxc3 Be7 7. Bf4 0-0 8. Qd2 Nd7 9. 0-0-0 Nc5 10. h4 Bg4 11. Bd3 Re8 12. Rde1 Qd7 13. Nd4 Nxd3+ 14. Qxd3 c5 15. Ne2 d5 16. f3 Bf5 17. Qd1 h5 18. Kb1 a5 19. Ng3 Bg6 20. Re5 1/2-1/2

[Event "Warsaw Najdorf Memorial op-A 07th"]
[Site "Warsaw"]
[Date "2009.07.18"]
[Round "1"]
[White "Warakomski, Tomasz"]
[Black "Rasmussen, Uffe"]
[Result "1-0"]
[WhiteElo "2491"]
[BlackElo "2148"]
[PlyCount "111"]
[EventDate "2009.07.18"]
[EventType "swiss"]
[EventRounds "9"]
[EventCountry "POL"]
[SourceTitle "CBM 131 Extra"]
[Source "ChessBase"]
[SourceDate "2009.09.03"]
[SourceVersion "2"]
[SourceVersionDate "2009.09.16"]
[SourceQuality "1"]

1. e4 c5 2. Nf3 g6 3. d4 cxd4 4. Qxd4 Nf6 5. e5 Nc6 6. Qa4 Nd5 7. Qe4 Nc7 8. Bf4 Bg7 9. Nc3 Ne6 10. Bc4 Nxf4 11. Qxf4 0-0 12. 0-0-0 Qa5 13. Rd5 Qb6 14. h4 Qxf2 15. Ne4 Qb6 16. h5 d6 17. Nf6+ exf6 18. exf6 Re8 19. hxg6 hxg6 20. Rxd6 Qe3+ 21. Qxe3 Rxe3 22. fxg7 Kxg7 23. Ng5 Be6 24. Bxe6 fxe6 25. Nxe6+ Kg8 26. Nf4 Ne5 27. Nxg6 Nxg6 28. Rxg6+ Kf7 29. Rd6 Ke7 30. Rdd1 Kf6 31. Rhe1 Rg3 32. Re2 b5 33. Rd6+ Kf7 34. Rd7+ Kf6 35. Rb7 Rg5 36. Rbe7 Rc5 37. R7e6+ Kf5 38. Ra6 Kf4 39. b3 b4 40. a3 bxa3 41. Rxa3 a5 42. b4 Rg5 43. Rxa5 Raxa5 44. bxa5 Rxa5 45. Kb2 Ra4 46. Kb3 Ra1 47. c4 Rb1+ 48. Ka4 Kg3 49. c5 Ra1+ 50. Kb5 Rb1+ 51. Ka5 Ra1+ 52. Kb6 Rb1+ 53. Kc7 Rb3 54. c6 Ra3 55. Rb2 Re3 56. Kb7 1-0

[Event "Politiken Cup 30th"]
[Site "Helsingor"]
[Date "2008.07.26"]
[Round "9"]
[White "Rasmussen, Uffe"]
[Black "Rolvag, Birk Anders"]
[Result "1-0"]
[WhiteElo "2123"]
[BlackElo "1829"]
[PlyCount "75"]
[EventDate "2008.07.19"]
[EventType "swiss"]
[EventRounds "10"]
[EventCountry "DEN"]
[SourceTitle "CBM 125 Extra"]
[Source "ChessBase"]
[SourceDate "2008.09.01"]
[SourceVersion "1"]
[SourceVersionDate "2008.09.01"]
[SourceQuality "1"]

1. e4 c5 2. Nf3 Nc6 3. c3 g6 4. d4 cxd4 5. cxd4 Bg7 6. Nc3 d6 7. h3 Nf6 8. d5 Nb8 9. Bf4 0-0 10. Qd2 Qa5 11. Bd3 Nbd7 12. 0-0 Nc5 13. Rfe1 Nxd3 14. Qxd3 Nd7 15. Kh1 Re8 16. Bg5 Nc5 17. Qd2 Bd7 18. Bh6 Bh8 19. e5 dxe5 20. Nxe5 Bf5 21. g4 Bc8 22. d6 Be6 23. d7 Red8 24. Nd5 Bxd5+ 25. Qxd5 e6 26. Qd6 Bg7 27. Bxg7 Kxg7 28. Qe7 Rf8 29. g5 Nd3 30. Qf6+ Kg8 31. Ng4 Nxf2+ 32. Nxf2 Qd5+ 33. Kg1 Qd6 34. Rad1 Qg3+ 35. Kf1 Rad8 36. Rd3 Qh2 37. Ng4 Qh1+ 38. Kf2 1-0

[Event "Valby K41 Autumn-A"]
[Site "Valby"]
[Date "2007.09.25"]
[Round "3"]
[White "Struch, Thomas"]
[Black "Rasmussen, Uffe"]
[Result "0-1"]
[WhiteElo "2106"]
[BlackElo "2136"]
[PlyCount "66"]
[EventDate "2007.09.11"]
[EventType "tourn"]
[EventRounds "7"]
[EventCountry "DEN"]
[SourceTitle "EXT 2018"]
[Source "ChessBase"]
[SourceDate "2017.10.13"]
[SourceVersion "1"]
[SourceVersionDate "2017.10.13"]
[SourceQuality "1"]

1. e4 c5 2. c3 Nf6 3. e5 Nd5 4. d4 cxd4 5. cxd4 e6 6. Nf3 b6 7. Nc3 Nxc3 8. bxc3 Qc7 9. Bd2 Bb7 10. Bd3 d6 11. 0-0 Nd7 12. Ng5 dxe5 13. Qh5 g6 14. Qh3 Be7 15. Rfe1 h6 16. f4 Bxg5 17. fxg5 h5 18. dxe5 0-0 19. Kh1 Rad8 20. Bc2 Nc5 21. Rad1 Rd5 22. Qg3 Rfd8 23. Be3 Ne4 24. Qf4 Nxc3 25. Rc1 Nxa2 26. Bxg6 Nxc1 27. Bxh5 Nd3 28. Qf6 Nxe1 29. g6 fxg6 30. Bxg6 Rd1 31. Qxe6+ Kh8 32. Qf6+ Qg7 33. Qh4+ Kg8 0-1

[Event "Politiken Cup 29th"]
[Site "Copenhagen"]
[Date "2007.07.28"]
[Round "9"]
[White "Rasmussen, Uffe"]
[Black "Skovgaard, Tom"]
[Result "1-0"]
[WhiteElo "2129"]
[BlackElo "2000"]
[PlyCount "77"]
[EventDate "2007.07.21"]
[EventType "swiss"]
[EventRounds "10"]
[EventCountry "DEN"]
[SourceTitle "CBM 119 Extra"]
[Source "ChessBase"]
[SourceDate "2007.09.04"]
[SourceVersion "1"]
[SourceVersionDate "2007.09.04"]
[SourceQuality "1"]

1. e4 Nf6 2. e5 Nd5 3. d4 d6 4. Nf3 g6 5. Bc4 Nb6 6. Bb3 Bg7 7. a4 a5 8. Qe2 e6 9. 0-0 0-0 10. Bg5 Qe8 11. Nc3 d5 12. Qe3 Bd7 13. h4 Na6 14. h5 f5 15. exf6 Bxf6 16. Bh6 Rf7 17. hxg6 hxg6 18. Rfe1 Rh7 19. Bf4 Qf7 20. Nb5 Rc8 21. c3 Rh5 22. g4 Rh7 23. Kg2 Nc4 24. Bxc4 dxc4 25. Na3 c5 26. dxc5 Rxc5 27. Rad1 e5 28. Nxe5 Bxe5 29. Bxe5 Bc6+ 30. f3 Rd5 31. Nxc4 Bxa4 32. Nd6 Qe6 33. Rxd5 Qxd5 34. Bg3 Nc7 35. Ne4 Rf7 36. g5 Bc6 37. Nf6+ Rxf6 38. gxf6 Ne6 39. Qxe6+ 1-0